La Gestió dels residus municipals / Conxa Puebla Pons
ISBN:
84-393-7104-7
Descripción Física:
270 p. ; 21 cm
Colección:
Estudis ; 24
MARC
| LEADER | 00000nam a2200000Ia 4500 | ||
|---|---|---|---|
| 001 | 19979 | ||
| 008 | 160829s2006 xx 000 0 cat d | ||
| 020 | |a 84-393-7104-7 | ||
| 080 | |a C-3-78 | ||
| 100 | |a Puebla i Pons, Concepció |9 23492 | ||
| 245 | |a La Gestió dels residus municipals / Conxa Puebla Pons | ||
| 260 | |a Barcelona : |b Generalitat de Catalunya. Escola d'Administració Pública de Catalunya, |c 2006 | ||
| 300 | |a 270 p. ; |c 21 cm | ||
| 490 | |a Estudis ; 24 | ||
| 590 | |a Bibliografia | ||
| 650 | |a Residus |x Eliminació |x Política governamental |x Espanya |9 44216 | ||
| 650 | |a Residus |x Eliminació |x Política governamental |x Catalunya |9 44217 | ||
| 650 | |a Residus |x Eliminació |x Dret i legislació |x Espanya I |9 44218 | ||
| 650 | |a Residus |x Eliminació |x Dret i legislació |x Catalunya |9 44219 | ||
| 710 | |a Escola d'Administració Pública de Catalunya |9 15494 | ||
| 710 | 1 | |a Catalunya. |b Generalitat |9 12125 | |
| 901 | |a Arxiu | ||
| 942 | |n 1 | ||
| 952 | |0 0 |1 0 |4 0 |6 C378 |7 1 |9 51851 |a Arxiu |b Arxiu |d 2016-12-01 |l 0 |o C-3-78 |p 19979 |r 2016-12-01 00:00:00 |w 2016-12-01 |y ARXIU | ||
| 999 | |c 55697 |d 55697 | ||